00705nam a22001937a 4500999001900000005001700019010001300036020002600049035001300075037000900088082001100097100002400108245008000132260004100212270005200253300002300305942002500328952015800353 c178532d17853220210405173239.0 aB-738731 a9788189766412c695.00 aB-738731 bGift a342.54 aKashyap, Subhash C. aIndian constitution: bconflicts and controversies /cby Subhash C. Kashyap aNew Delhi bVitasta Publishingc2010 a2/15, Ansari Road, DaryaganjbNew Delhie110002 ax, 415p.c22cm(Hb) 2ddccENmKASh342.54 001040708NFICaLbLd2021-04-05eGift/Eng/26-02-2021g695.00l23m22o342.54 KASpB-738731r2026-02-03 00:00:00s2026-01-08t1v695.00w2021-04-05yEN